| 000 | 00563nam a22002177a 4500 | ||
|---|---|---|---|
| 003 | OSt | ||
| 005 | 20140310182926.0 | ||
| 008 | 130130t xxu||||| |||| 00| 0 eng d | ||
| 020 | _a971550258X | ||
| 050 |
_aPE1028 _b.P278 2001 |
||
| 082 |
_aFIL 428 _bB29 2001 |
||
| 245 |
_aBasic English for college _cPascasio, Emy |
||
| 260 |
_aQuezon City _bAteneo de Manila Univerity Press _c1997 |
||
| 300 |
_a243 p _c23 cm |
||
| 521 | _acollege students | ||
| 526 | _c1210L-1700L | ||
| 541 | _j1 | ||
| 541 | _j2 | ||
| 562 | _e2 | ||
| 942 |
_2lcc _cBK _kFIL |
||
| 999 |
_c17428 _d17428 |
||